| 000 | 02592nam a22002417a 4500 | ||
|---|---|---|---|
| 003 | BJBSDDR | ||
| 005 | 20260513171537.0 | ||
| 006 | a|||||r|||| 00| 0 | ||
| 007 | ta | ||
| 008 | 260513s20241999nyu|||||r|||| 00| 0 eng d | ||
| 020 | _a9781324066231 | ||
| 040 |
_bspa _cBJBSDDR |
||
| 041 | _aeng | ||
| 050 | _bG799e 2024 | ||
| 100 | 1 |
_aGreene, Brian Randolph, _d1963- _929350 |
|
| 245 | 1 | 4 |
_aThe elegant universe : _bsuperstrings, hidden dimensions, and the quest for the ultimate theory / _cBrian Greene. |
| 260 |
_aNew York : _bW.W. Norton & Company, _c2024 |
||
| 300 |
_axvi, 480 pages : _billustrations ; _c21 cm |
||
| 505 | _aContenidos :The Edge of Knowledge Tied Up with String Part II — The Dilemma of Space, Time, and the Quanta Space, Time, and the Eye of the Beholder Of Warps and Ripples Microscopic Weirdness The Need for a New Theory: General Relativity vs. Quantum Mechanics Part III — The Cosmic Symphony Nothing but Music: The Essentials of Superstring Theory The “Super” in Superstrings More Dimensions Than Meet the Eye Part IV — String Theory and the Fabric of Spacetime The Smoking Gun: Experimental Signatures Quantum Geometry Tearing the Fabric of Space Beyond Strings: In Search of M-Theory. Part V- Unification in the Twenty-First Century Additional Sections Preface to the 25th Anniversary Edition Epilogue Notes Glossary Index | ||
| 520 | _aA new edition of the iconic bestseller that introduced legions to modern physics and the quest for the ultimate understanding of the cosmos, featuring a new preface and epilogue. With a rare blend of scientific insight and writing as graceful as the theories it so deftly explains, The Elegant Universe remains the unrivaled account of the modern search for the deepest laws of nature: "a standard that will be hard to beat" (George Johnson, New York Times Book Review). In this new 25th anniversary edition, renowned physicist and author Brian Greene--"the single best explainer of abstruse concepts in the world today" (Washington Post)--updates his classic work with a new preface and epilogue summarizing the significant theoretical and experimental developments over the past quarter-century. From established science, including relativity and quantum mechanics, to the cutting edge of thinking on black holes, string theory, and quantum gravity, The Elegant Universe makes some of the most sophisticated concepts ever contemplated thoroughly accessible and entertaining, bringing us closer than ever to comprehending how the universe works. | ||
| 942 |
_2lcc _n0 _cBK |
||
| 946 | _illh | ||
| 999 |
_c127082 _d127082 |
||